000 00878cam a2200265 a 4500
001 000006986
005 20200929154034.0
008 810323s1957 sp 000 1 spa c
035 _a(DLC)a 54000075
035 _a(OCoLC)7253572
040 _aDO-SdBNP
_bspa
_cOCl
_dDLC
_dBNPHU
082 _a863.64
_bL931o, 1957.
100 1 _aLuca de Tena, Torcuato.
_q(Torcuato Luca de Tena Brunet),
_c1923-1999.
_919428
245 1 3 _aLa otra vida del capitán Contreras /
_cTorcuato Luca de Tena.
250 _a3a ed.
260 _aBarcelona :
_bDestino,
_c1957.
300 _a271 p. ;
_c19 cm.
490 1 _aAncora y delfín
_v85
600 1 0 _aCONTRERAS, ALONSO DE,
_d1582-1641.
_919429
650 4 _aNovela historica española
_96177
650 4 _aLitaratura española
_ySIGLO XX
_919430
830 0 _aAncora y delfín ;
_v85
_919431
910 _aCatalogación derivada
049 _aBNGR
999 _c6770
_d6770